Ruský jazyk pre mierne pokročilých I.

Salvato in:
Dettagli Bibliografici
Autore principale: Strelková, Katarína
Ente Autore: Ekonomická univerzita v Bratislave. Fakulta aplikovaných jazykov
Altri autori: Charfaoui, Emília, Dziváková, Michaela, 1979-
Natura: Libro
Lingua:slovacco
Pubblicazione: Bratislava Vydavateľstvo EKONÓM 2011
Soggetti:
Tags: Aggiungi Tag
Nessun Tag, puoi essere il primo ad aggiungerne!!

MARC

LEADER 00000nam a2200000 4500
001 0128589
005 20240502072455.2
020 |a 978-80-225-3191-7 
041 0 |a slo 
044 |a SK 
245 1 0 |a Ruský jazyk pre mierne pokročilých I.  |c Katarína Strelková 
264 1 |a Bratislava  |b Vydavateľstvo EKONÓM  |c 2011 
300 |a 106 s. 
610 2 0 |a ruština 
610 2 0 |a terminológia 
610 2 0 |a vzdelávanie 
610 2 0 |a vzdelávanie vysokoškolské 
610 2 0 |a vzdelanie odborné 
610 2 0 |a vzdelanie vysokoškolské 
100 1 |a Strelková, Katarína 
700 1 |a Charfaoui, Emília 
700 1 |a Dziváková, Michaela, 1979- 
710 2 |a Ekonomická univerzita v Bratislave. Fakulta aplikovaných jazykov